Ericaceae from Serra de São José and Serra do Lenheiro, Minas Gerais, Brazil (Registro n. 340011)
[ somente texto ]
| 000 -LÍDER | |
|---|---|
| fixed length control field | 02557nab a2200253 i 4500 |
| 003 - CÓDIGO MARC DA AGÊNCIA CATALOGADORA | |
| Campo de controle | BR-BrBNA |
| 005 - DATA E HORA DA ÚLTIMA ATUALIZAÇÃO | |
| Campo de controle | 20260204191238.0 |
| 008 - CAMPO DE TAMANHO FIXO | |
| fixed length control field | 260204b2025 bl.ar|pooa||| 00| 0 eng | |
| 040 ## - FONTE DA CATALOGAÇÃO | |
| Agência catalogadora | BR-BrBNA |
| Idioma da catalogação | eng |
| 072 ## - CATEGORIA AGRIS | |
| Código AGRIS | F70 |
| 100 ## - ENTRADA PRINCIPAL - NOME PESSOAL | |
| Nome pessoal | Garcia, Lívia |
| 100 ## - ENTRADA PRINCIPAL - NOME PESSOAL | |
| Nome pessoal | Nascimento Jr, José |
| 245 ## - TÍTULO PRINCIPAL | |
| Título principal | Ericaceae from Serra de São José and Serra do Lenheiro, Minas Gerais, Brazil |
| 500 ## - NOTA GERAL | |
| Nota geral | Publicação on-line; 23 ref.; 4 illus.; Summaries (En, Pt) |
| 942 ## - ADDED ENTRY ELEMENTS (KOHA) | |
| Koha item type | Analítica |
| 520 ## - NOTA DE RESUMO | |
| Nota de conteúdo | <br/><br/><br/><br/>Abstract<br/><br/>Serra de São José and Serra do Lenheiro are mountain ranges situated in a<br/>transitional zone between the Cerrado and Atlantic Forest domains, with<br/>elevations ranging from 850 to 1,430 m and 900 to 1,246 m, respectively.<br/>Comprising primarily quartzite, both ranges feature extensive Campos rupestres<br/>areas, serving as optimal habitats for plants of the Ericaceae family. In order to<br/>comprehend the richness and morphology of Ericaceae species in these ranges,<br/>we conducted a taxonomic treatment for the family, incorporating identification<br/>keys and species illustrations. In total, nine species belonging to the Ericaceae<br/>family were identified, with five attributed to the genus Agarista and four to<br/>Gaylussacia.<br/><br/>Key words:<br/>• Agarista<br/>• campos rupestres<br/>• Gaylussacia<br/>• mountain flora<br/><br/><br/><br/><br/><br/>Resumo<br/>As Serras de São José e do Lenheiro estão localizadas em uma área de transição<br/>entre os domínios Cerrado e Mata Atlântica, e possuem altitudes que variam<br/>de 850 a 1.430 m e 900 e 1.246 m, respectivamente. Ambas são formadas<br/>principalmente por quartzito com muitas áreas de campos rupestres, ambientes<br/>ideais para plantas da família Ericaceae. Para conhecer a riqueza e morfologia das<br/>espécies de Ericaceae dessas serras, realizamos um tratamento taxonômico para<br/>a família, no qual incluímos chaves de identificação e ilustração para as espécies.<br/>Ao total foram encontradas nove espécies pertencentes a família Ericaceae, sendo<br/>cinco ao gênero Agarista e quatro a Gaylussacia.<br/><br/>Palavras-chave:<br/>• Agarista<br/>• campos rupestres<br/>• Gaylussacia<br/>• flora de montanhas |
| 650 ## - ASSUNTO - THESAGRO | |
| Cabeçalho tópico ou nome geográfico | CAMPO RUPESTRE |
| 650 ## - ASSUNTO - THESAGRO | |
| Cabeçalho tópico ou nome geográfico | FLORA |
| 650 ## - ASSUNTO - THESAGRO | |
| Cabeçalho tópico ou nome geográfico | ERICACEAE |
| 650 ## - ASSUNTO - THESAGRO | |
| Cabeçalho tópico ou nome geográfico | TAXONOMIA |
| 773 0# - ENTRADA ANALÍTICA | |
| Host Biblionumber | 709 |
| Registro do item | 360062 |
| Imprenta | Rio de Janeiro-RJ Jardim Botanico do Rio de Janeiro 1935 |
| Outro identificador | 2026-0452 |
| Título | Rodriguésia (Brazil) |
| ISSN | 0370-6583; 2175-7860 on-line |
| Colação | v. 76 p. 1-12; (2025) |
| Número de controle de registro | BR2025007492 |
| 856 ## - ACESSO E ENDEREÇO ELETRÔNICO | |
| Identificador uniforme de recurso - URI | https://www.scielo.br/j/rod/a/fJ7LVFkxkCTGfjCxRPZvqKm/?format=pdf&lang=en |
Nenhum exemplar disponível.

BINAGRI